| 000 | 00531nam a2200181 a 4500 | ||
|---|---|---|---|
| 005 | 20140310183139.0 | ||
| 008 | 020820s19uu xx 00 eng d | ||
| 050 |
_aHD 30.28 _b.T53 2001 |
||
| 100 | _aThompson, Arthur Jr. A. | ||
| 245 |
_aStrategic management / _cArthur A. Thompson Jr. |
||
| 260 |
_aPhilippines : _bIrwin/McGraw-Hill, _c2001. |
||
| 300 |
_a360 p. : _bill. ; _c26 cm. |
||
| 521 | _aBSBA | ||
| 650 | _aStrategic planning | ||
| 650 |
_aStrategic planning _xcase studies |
||
| 942 |
_cBK _2lcc _kFOR |
||
| 999 |
_c19349 _d19349 |
||